Historia de la aeronáutica española / (Record no. 72827)

MARC details
000 -LEADER
campo de control de longitud fija 00960nam a2200205 i 4500
001 - NÚMERO DE CONTROL
campo de control 72827
003 - IDENTIFICADOR DE NÚMERO DE CONTROL
campo de control ES-MaACL
005 - FECHA Y HORA DE LA ÚLTIMA TRANSACCIÓN
campo de control 20230906171553.0
007 - CAMPO FIJO DE DESCRIPCIÓN FÍSICA--INFORMACIÓN GENERAL
campo de control de longitud fija t|
008 - DATOS DE LONGITUD FIJA--INFORMACIÓN GENERAL
campo de control de longitud fija 040903m19461950sp ||||1| spa d
100 1# - ENTRADA PRINCIPAL--NOMBRE DE PERSONA
Nombre de persona Gomá Orduñá, José.
9 (RLIN) 57725
245 10 - MENCIÓN DEL TÍTULO
Título Historia de la aeronáutica española /
Mención de responsabilidad, etc. José Gomá Orduñá.
260 ## - PUBLICACIÓN, DISTRIBUCIÓN, ETC.
Lugar de publicación, distribución, etc. Madrid :
Nombre del editor, distribuidor, etc. [s.n.],
Fecha de publicación, distribución, etc. 1946-1950 (
Fabricante Imp. Prensa Española)
300 ## - DESCRIPCIÓN FÍSICA
Extensión 2 v. :
Otras características físicas il. ;
Dimensiones 26 cm.
505 8# - NOTA DE CONTENIDO CON FORMATO
Nota de contenido con formato Contiene: Primer Libro: Historia de la aeroestación y la de la aviación hasta 1921. -- Segundo Libro: Historia de la guerra de Africa y vuelos de relieve internacional efectuados por aviadores españoles
650 #4 - PUNTO DE ACCESO ADICIONAL DE MATERIA--TÉRMINO DE MATERIA
Término de materia o nombre geográfico como elemento de entrada Aeronáutica-
Subdivisión geográfica España-
Subdivisión de forma Historia.
9 (RLIN) 168662
740 0# - ENTRADA AGREGADA--TÍTULO RELACIONADO/ANALÍTICO NO CONTROLADO
Título relacionado o analítico no controlado Historia de la Aerostación y la de la Aviación hasta 1921.
740 0# - ENTRADA AGREGADA--TÍTULO RELACIONADO/ANALÍTICO NO CONTROLADO
Título relacionado o analítico no controlado Historia de la guerra de Africa y vuelos de relieve internacional efectuados por aviadores españoles.
852 ## - LOCALIZACIÓN
Ubicación ES-MaACL
Número de control de estantería D-7129-30
Sublocalización o colección R.29814, 34043
Holdings
Estatus retirado Estado de pérdida Estado de daño No para préstamo Biblioteca de origen Biblioteca actual Ubicación en estantería Fecha de adquisición Fuente de adquisición Total de préstamos Signatura topográfica completa Código de barras Visto por última vez Precio de reemplazo Tipo de ítem Koha
        Biblioteca del Ateneo de Madrid Biblioteca del Ateneo de Madrid Sala Valle Inclán 17/01/2008     D-7129-30 901076235 23/02/2023 23/02/2023 Libro impreso